Un vergel de miradas: antropología, derecho y desarrollo

Na minha lista:
Detalhes bibliográficos
Autor principal: Argilés Marín, José Manual
Autor Corporativo: Universidad de Costa Rica. Facultad de Ciencias Sociales. Escuela de Antropología y Sociología. Departamento de Antropología Laboratorio de Etnología María Eugenia Bozzoli V.
Formato: Texto
Publicado em: San José
Assuntos:
Tags: Adicionar Tag
Sem tags, seja o primeiro a adicionar uma tag!

MARC

LEADER 00000 a a2200000 04500
001 37979
003
040
020 |a 9977-15-143-1  
090 |a AN 0001 A687u  
100 |a Argilés Marín, José Manual  
110 |a Universidad de Costa Rica. Facultad de Ciencias Sociales. Escuela de Antropología y Sociología. Departamento de Antropología Laboratorio de Etnología María Eugenia Bozzoli V.  
245 |a Un vergel de miradas: antropología, derecho y desarrollo  
260 |a San José  
300 |a 152 p.  
650 |a ANTROPOLOGIA  
650 |a TEORIA SOCIAL  
650 |a MODERNIDAD  
999 |c 14338  |d 14338